| 000 | 00689cam a22002531 4500 | ||
|---|---|---|---|
| 999 |
_c7339 _d7339 |
||
| 001 | 7339 | ||
| 003 | BD-JhCC | ||
| 005 | 20180422085320.0 | ||
| 008 | 711112s1963 xx 000 0 eng | ||
| 035 | _a(BD-JhCC)7339 | ||
| 035 | _a(OCoLC)170948 | ||
| 040 |
_aDLC _cOTifH _dDLC _dBD-JhCC |
||
| 041 | _aeng | ||
| 050 | 0 | 0 |
_aPZ7.B73775 _bMal |
| 082 |
_bBRA 1964 _a833.914 |
||
| 100 | 1 | _aBraumann, Franz. | |
| 245 | 1 | 0 |
_aMalik and Amina / _cF. Braumann |
| 260 |
_aIndianapolis, _bBobbs-Merrill _c[c1963] |
||
| 300 |
_a143 p. _billus. _c20 cm. |
||
| 500 | _aTranslation of Malik und Adidje. | ||
| 650 |
_aMuslim pilgrims and pilgrimages _zSaudi Arabia |
||
| 942 |
_2ddc _cBK |
||